Papua New Guinea : Staff Report for the 2013 Article IV Consultation.

This 2013 Article IV Consultation highlights that Papua New Guinea has achieved strong economic growth over the past decade, benefiting from high commodity prices, mineral investment inflows, sound macroeconomic policies, and financial sector stability. The current account deficit is expected to nar...

Descrición completa

Detalles Bibliográficos
Autor Corporativo: International Monetary Fund. Asia and Pacific Dept
Formato: Revista
Idioma:English
Publicado: Washington, D.C. : International Monetary Fund, 2013.
Series:IMF Staff Country Reports; Country Report ; No. 2013/339
Acceso en liña:Full text available on IMF
LEADER 01762cas a2200241 a 4500
001 AALejournalIMF014012
008 230101c9999 xx r poo 0 0eng d
020 |c 5.00 USD 
020 |z 9781475556216 
022 |a 1934-7685 
040 |a BD-DhAAL  |c BD-DhAAL 
110 2 |a International Monetary Fund.  |b Asia and Pacific Dept. 
245 1 0 |a Papua New Guinea :   |b Staff Report for the 2013 Article IV Consultation. 
264 1 |a Washington, D.C. :  |b International Monetary Fund,  |c 2013. 
300 |a 1 online resource (68 pages) 
490 1 |a IMF Staff Country Reports 
500 |a <strong>Off-Campus Access:</strong> No User ID or Password Required 
500 |a <strong>On-Campus Access:</strong> No User ID or Password Required 
506 |a Electronic access restricted to authorized BRAC University faculty, staff and students 
520 3 |a This 2013 Article IV Consultation highlights that Papua New Guinea has achieved strong economic growth over the past decade, benefiting from high commodity prices, mineral investment inflows, sound macroeconomic policies, and financial sector stability. The current account deficit is expected to narrow sharply in 2013 as imports and income outflows decline with the winding down of liquefied natural gas project construction. The Bank of Papua New Guinea has kept the policy interest rate unchanged since early 2013 given weakening nonmineral sector demand, but has issued central bank bills and raised cash reserve requirements to absorb excess liquidity in the banking system. 
538 |a Mode of access: Internet 
830 0 |a IMF Staff Country Reports; Country Report ;  |v No. 2013/339 
856 4 0 |z Full text available on IMF  |u http://elibrary.imf.org/view/journals/002/2013/339/002.2013.issue-339-en.xml  |z IMF e-Library